| 000 | 00328nam a2200133 4500 | ||
|---|---|---|---|
| 040 | _c0 | ||
| 082 | _a891.43,AHM | ||
| 100 |
_aHameed, Sumaira _998526 |
||
| 245 |
_aYaaram ( يارم ) / _cSumaira Hameed |
||
| 260 |
_aLahore _bIlm o Irfan _c2019 |
||
| 300 | _a536 p.; | ||
| 650 |
_aNoval _9107828 |
||
| 942 |
_2ddc _cFIC _k891.43,AHM |
||
| 999 |
_c617374 _d617374 |
||